[Event "16th Sants Open 2014"]
[Site "Barcelona ESP"]
[Date "2014.08.22"]
[Round "1.2"]
[White "Cori, Jorge"]
[Black "Fernandez Aguilar, Francisco"]
[Result "1-0"]
[WhiteTitle "GM"]
[WhiteElo "2630"]
[BlackElo "2041"]
[WhiteFideId "3802272"]
[BlackFideId "2286262"]
[EventDate "2014.08.22"]

1. c4 Nf6 2. Nc3 c6 3. d4 d5 4. e3 e6 5. Nf3 Nbd7 6. Qc2 Bd6 7. Bd3 O-O 8. O-O
dxc4 9. Bxc4 b5 10. Bd3 Bb7 11. h3 Rc8 12. e4 e5 13. Be3 b4 14. dxe5 Nxe5 15.
Nxe5 Bxe5 16. Na4 c5 17. Nxc5 Qe7 18. a3 b3 19. Qxb3 Ba8 20. Qc2 Rb8 21. Rab1
Rfc8 22. b4 Bd6 23. Rfe1 Nh5 24. g3 g6 25. Bf1 Nf6 26. Bg2 Bxe4 27. Bxe4 Nxe4
28. Qxe4 Bxc5 29. Bf4 Qxe4 30. Rxe4 Rb7 31. Rc1 1-0

[Event "16th Sants Open 2014"]
[Site "Barcelona ESP"]
[Date "2014.08.22"]
[Round "1.4"]
[White "Bogner, Sebastian"]
[Black "Degro, Heiko"]
[Result "1-0"]
[WhiteTitle "GM"]
[WhiteElo "2603"]
[BlackElo "2041"]
[WhiteFideId "4692055"]
[BlackFideId "24666122"]
[EventDate "2014.08.22"]

1. Nf3 d5 2. c4 e6 3. g3 Nf6 4. Bg2 Be7 5. O-O O-O 6. d4 c6 7. Qc2 Nbd7 8. Nbd2
b6 9. e4 dxe4 10. Nxe4 Bb7 11. Rd1 Nxe4 12. Qxe4 Nf6 13. Qc2 Qc8 14. Ne5 Rd8 15.
Be3 c5 16. dxc5 Rxd1+ 17. Rxd1 Bxg2 18. Kxg2 bxc5 19. Qa4 Qc7 20. Qc6 Rc8 21.
Qxc7 Rxc7 22. g4 h6 23. Kf3 Kf8 24. Rd3 Rb7 25. Ra3 Rc7 26. Bf4 Rb7 27. Nc6 Rb6
28. Nxe7 Kxe7 29. Rxa7+ Nd7 30. b3 f6 31. h4 e5 32. Be3 Rc6 33. h5 Kd6 34. Ra8
Rc7 35. Ke4 Ke6 36. Ra6+ Ke7 37. Kd5 f5 38. gxf5 Nf6+ 39. Kxe5 Nxh5 40. Ra7 1-0

[Event "16th Sants Open 2014"]
[Site "Barcelona ESP"]
[Date "2014.08.22"]
[Round "1.5"]
[White "Fors, Tomas"]
[Black "Vocaturo, Daniele"]
[Result "0-1"]
[BlackTitle "GM"]
[WhiteElo "2041"]
[BlackElo "2587"]
[WhiteFideId "1705768"]
[BlackFideId "813192"]
[EventDate "2014.08.22"]

1. d4 Nf6 2. c4 c5 3. d5 d6 4. Nc3 g6 5. e4 Bg7 6. h3 O-O 7. Bg5 e6 8. Bd3 exd5
9. cxd5 Re8 10. Nf3 c4 11. Bc2 b5 12. a3 Bd7 13. O-O a5 14. Re1 Na6 15. e5 dxe5
16. d6 h6 17. Bh4 g5 18. Bg3 Nc5 19. Nxe5 b4 20. Nd5 b3 21. Ne7+ Kf8 22. Bb1 Be6
23. N7c6 Qb6 24. Nd4 Bd5 25. Bf5 Rad8 26. Rc1 Nfe4 27. Nxc4 Bxc4 28. Rxc4 Nxg3
29. Rxe8+ Rxe8 30. d7 Rd8 31. fxg3 Nxd7 32. Kh2 Nb8 33. Qxb3 Bxd4 0-1

[Event "16th Sants Open 2014"]
[Site "Barcelona ESP"]
[Date "2014.08.22"]
[Round "1.6"]
[White "Peralta, Fernando"]
[Black "Erlandsen, Carsten"]
[Result "1-0"]
[WhiteTitle "GM"]
[WhiteElo "2574"]
[BlackElo "2040"]
[WhiteFideId "105309"]
[BlackFideId "1402536"]
[EventDate "2014.08.22"]

1. Nf3 Nf6 2. c4 c5 3. Nc3 g6 4. e4 d6 5. d4 Nbd7 6. d5 Bg7 7. Bd3 O-O 8. h3 a6
9. a4 e5 10. g4 Ne8 11. Be3 f6 12. a5 Rf7 13. Nd2 Rb8 14. Nf1 Nc7 15. Ng3 b5 16.
axb6 Nxb6 17. h4 a5 18. Rxa5 Na6 19. Ra3 Nb4 20. Be2 Ba6 21. b3 Ra8 22. O-O Rfa7
23. Na2 N4xd5 24. exd5 Nxd5 25. Qxd5+ Kh8 26. Qd2 f5 27. gxf5 Qxh4 28. Bf3 Rf8
29. Bg5 Qh3 30. Bg2 Qg4 31. f6 Bxf6 32. Qxd6 Raf7 33. Bxf6+ Rxf6 34. Qxe5 1-0

[Event "16th Sants Open 2014"]
[Site "Barcelona ESP"]
[Date "2014.08.22"]
[Round "1.7"]
[White "Weichlein, Paul"]
[Black "Fier, Alexandr"]
[Result "0-1"]
[BlackTitle "GM"]
[WhiteElo "2039"]
[BlackElo "2570"]
[WhiteFideId "4671643"]
[BlackFideId "2107139"]
[EventDate "2014.08.22"]

1. d4 Nf6 2. c4 g6 3. Nc3 d5 4. Bf4 Bg7 5. e3 O-O 6. Nf3 c5 7. Be2 cxd4 8. Nxd4
Nc6 9. O-O Nxd4 10. Qxd4 dxc4 11. Qxc4 Qb6 12. Na4 Qe6 13. Qxe6 Bxe6 14. Be5
Rac8 15. Bd4 Ne4 16. Rfd1 Rfd8 17. Bf3 Bxd4 18. Bxe4 Bf6 19. Rxd8+ Rxd8 20. Nc5
Bxb2 21. Nxe6 fxe6 22. Rb1 b6 23. Bc2 Be5 24. Rd1 Bd6 25. Bb3 Kf7 26. Rd4 Kf6
27. Kf1 Rc8 28. Rc4 Rd8 29. Re4 e5 30. Rc4 Bc5 31. Ke2 Rc8 32. Rc3 e6 33. Rd3
Ke7 34. Ba4 Bd6 35. Rd2 Rc4 36. Bb3 Rb4 37. Rc2 b5 38. Rc3 a5 39. a3 Rh4 40. Rc6
Rxh2 41. Kf3 a4 42. Bc2 Rh1 43. Bd3 b4 44. axb4 Bxb4 45. Ra6 a3 46. Bc4 Bd6 47.
Ra7+ Kf6 48. Ra6 Rc1 49. Bb3 Rc3 50. Ba2 Rc2 51. Bb3 Rb2 52. Bc4 Rb4 53. Rxd6
Rxc4 54. Ra6 e4+ 55. Kg3 Rc3 56. Ra5 e5 57. Ra6+ Kf5 58. Kh4 h5 59. Ra8 Rc1 60.
g4+ hxg4 61. Rxa3 Rg1 62. f4 gxf3 63. Ra8 g5+ 64. Kh3 g4+ 65. Kh2 Rg2+ 66. Kh1
Re2 0-1

[Event "16th Sants Open 2014"]
[Site "Barcelona ESP"]
[Date "2014.08.22"]
[Round "1.8"]
[White "Novikov, Stanislav"]
[Black "Grichkevitch, Gilles"]
[Result "1-0"]
[WhiteTitle "GM"]
[WhiteElo "2562"]
[BlackElo "2035"]
[WhiteFideId "4125371"]
[BlackFideId "603600"]
[EventDate "2014.08.22"]

1. c4 g6 2. Nc3 Bg7 3. d4 d6 4. e4 Nf6 5. f3 a6 6. Be3 Nc6 7. Qd2 Rb8 8. Rc1 Bd7
9. Nd1 e5 10. Ne2 b5 11. d5 Ne7 12. c5 dxc5 13. Bxc5 O-O 14. Nf2 Re8 15. Nd3 Nc8
16. Nb4 Ra8 17. Be3 Nd6 18. Ng3 Qb8 19. Bd3 Qb7 20. Nc6 Bxc6 21. Rxc6 Nd7 22.
Qa5 Rec8 23. O-O Bf6 24. Rfc1 Bd8 25. Qc3 f6 26. Nf1 b4 27. Qc2 a5 28. Qe2 Nb8
29. R6c5 Nd7 30. R5c2 a4 31. Nd2 f5 32. Rc6 f4 33. Bf2 Nb6 34. Qf1 Nd7 35. Ba6 1-0

[Event "16th Sants Open 2014"]
[Site "Barcelona ESP"]
[Date "2014.08.22"]
[Round "1.9"]
[White "Barcelo Sola, David"]
[Black "Cruz, Cristhian"]
[Result "1/2-1/2"]
[BlackTitle "GM"]
[WhiteElo "2034"]
[BlackElo "2553"]
[WhiteFideId "2271222"]
[BlackFideId "3801969"]
[EventDate "2014.08.22"]

1. e4 c5 2. Nf3 e6 3. d4 cxd4 4. Nxd4 Nc6 5. Nc3 Qc7 6. Be2 a6 7. O-O Nf6 8.
Nxc6 bxc6 9. Qd4 Bd6 10. f4 e5 11. Qf2 exf4 12. Bxf4 Bxf4 13. Qxf4 Qxf4 14. Rxf4
d6 15. Bc4 Rf8 16. Raf1 Ke7 17. h3 a5 18. g4 h6 19. Ne2 Be6 20. Bxe6 fxe6 21.
Ng3 g5 22. R4f3 Nd7 23. Rxf8 Nxf8 24. Kf2 Ng6 25. Ke3 Nf4 26. Ne2 e5 27. Ng3 d5
28. Nf5+ Kf6 29. c3 Rh8 30. Nd6 Rd8 31. Nb7 Rb8 32. Nxa5 Rxb2 33. Rf2 d4+ 34.
cxd4 exd4+ 35. Kf3 Rxf2+ 36. Kxf2 Ke5 37. Nxc6+ Kxe4 38. a4 d3 39. Ke1 Ke3 40.
Ne5 Nd5 41. Nc4+ Kd4 42. Nd2 Nb4 43. a5 Ke3 44. Nc4+ Kd4 45. Nd2 Kc3 46. Kd1 Na6
47. Ne4+ Kd4 48. Nd6 Nc5 49. Nf5+ Kc3 50. Nd6 d2 51. a6 Kd3 52. Nc4 Nxa6 53.
Nxd2 Nb4 54. Nf3 Ke4 55. Ke2 Nc2 56. Kf2 Nd4 57. Ne1 Ne6 58. Kg3 Nf4 59. Nc2 Ng6
60. Nb4 Nf4 61. Nc6 Ne2+ 62. Kg2 Nf4+ 63. Kg3 Ne2+ 64. Kg2 Nf4+ 1/2-1/2

[Event "16th Sants Open 2014"]
[Site "Barcelona ESP"]
[Date "2014.08.22"]
[Round "1.10"]
[White "Handke, Florian"]
[Black "De Leon Justo, Alejandro"]
[Result "1-0"]
[WhiteTitle "GM"]
[WhiteElo "2553"]
[BlackElo "2030"]
[WhiteFideId "4634527"]
[BlackFideId "2222310"]
[EventDate "2014.08.22"]

1. b3 Nf6 2. Bb2 e6 3. e3 b6 4. f4 Bb7 5. Nf3 Be7 6. Be2 c5 7. O-O O-O 8. Qe1
Nc6 9. d3 Nd5 10. Qd2 Bf6 11. Bxf6 Nxf6 12. e4 d6 13. Na3 a6 14. c3 b5 15. Kh1
Qc7 16. Rae1 Rad8 17. Nc2 Rfe8 18. Ne3 d5 19. e5 Ne4 20. Qc1 Nxc3 21. Qxc3 d4
22. Qxc5 dxe3 23. Ng5 Qe7 24. Qxe3 Nb4 25. Qh3 h6 26. Ne4 Bxe4 27. dxe4 Rd2 28.
Bh5 Rc8 29. f5 Rcc2 30. f6 Qc7 31. fxg7 Rf2 32. Rxf2 Rxf2 33. Qe3 Qxe5 34. Qxf2
Qxh5 35. Qd2 Nc6 36. Qd6 1-0

[Event "16th Sants Open 2014"]
[Site "Barcelona ESP"]
[Date "2014.08.22"]
[Round "1.11"]
[White "Yin, Stanley"]
[Black "Alsina Leal, Daniel"]
[Result "0-1"]
[BlackTitle "GM"]
[WhiteElo "2026"]
[BlackElo "2550"]
[WhiteFideId "24622729"]
[BlackFideId "2252627"]
[EventDate "2014.08.22"]

1. g3 e5 2. d3 d5 3. c3 f5 4. Nf3 e4 5. Ne5 Bd6 6. f4 exf3 7. Nxf3 Nf6 8. Na3 c6
9. Nc2 O-O 10. Be3 Ng4 11. Bg1 f4 12. h3 Ne5 13. g4 Nbd7 14. Ncd4 Nxf3+ 15. Nxf3
Bc5 16. Qb3 Bxg1 17. Rxg1 Qe7 18. Qb4 c5 19. Qb3 Nb6 20. O-O-O Bd7 21. Qc2 Ba4
22. b3 Bc6 23. Bg2 a5 24. d4 a4 25. dxc5 axb3 26. axb3 Qxc5 27. Rd4 Qe7 28. Rgd1
Ra3 29. Kd2 Re8 30. Ke1 Rxb3 31. Ng5 g6 32. Rxf4 Rxc3 33. Qd2 Re3 34. Ne4 Rxe4
35. Bxe4 dxe4 0-1

[Event "16th Sants Open 2014"]
[Site "Barcelona ESP"]
[Date "2014.08.22"]
[Round "1.12"]
[White "Kraemer, Martin"]
[Black "Lopez Baena, David"]
[Result "1-0"]
[WhiteTitle "GM"]
[WhiteElo "2546"]
[BlackElo "2025"]
[WhiteFideId "4671910"]
[BlackFideId "2279681"]
[EventDate "2014.08.22"]

1. e4 g6 2. d4 Bg7 3. Nc3 c5 4. d5 d6 5. Nf3 Nf6 6. Bb5+ Nfd7 7. a4 O-O 8. O-O
Na6 9. Bf4 Nc7 10. Be2 Ne5 11. Nxe5 dxe5 12. Be3 b6 13. a5 Ba6 14. Bxa6 Nxa6 15.
Qe2 Nc7 16. Ra2 e6 17. axb6 axb6 18. Rxa8 Qxa8 19. d6 Ne8 20. Rd1 Nf6 21. Bg5
Qc6 22. Qb5 Qxb5 23. Nxb5 Nd7 24. Ra1 f6 25. Be3 Rd8 26. Ra7 Bf8 27. Kf1 Kf7 28.
Ke2 h6 29. f3 f5 30. Rb7 Kf6 31. Kd3 f4 32. Bd2 Bxd6 33. Nxd6 Nb8 34. Rxb6 Nd7
35. Rc6 Nb8 36. Rc8 1-0

[Event "16th Sants Open 2014"]
[Site "Barcelona ESP"]
[Date "2014.08.22"]
[Round "1.13"]
[White "Burton, Graham P"]
[Black "Aroshidze, Levan"]
[Result "0-1"]
[BlackTitle "GM"]
[WhiteElo "2023"]
[BlackElo "2539"]
[WhiteFideId "470082"]
[BlackFideId "13601865"]
[EventDate "2014.08.22"]

1. e4 c5 2. Nf3 e6 3. d4 cxd4 4. Nxd4 Nc6 5. Nc3 Qc7 6. Be3 a6 7. Bd3 Nf6 8. Nb3
Bd6 9. g3 Be7 10. f4 d6 11. Qf3 b5 12. O-O-O Bb7 13. g4 Nd7 14. Kb1 O-O 15. g5
Nb4 16. Qh5 Nxd3 17. cxd3 d5 18. Rc1 Qb8 19. exd5 b4 20. Na4 Bxd5 21. Rhg1 Qb5
22. Rg3 Rfc8 23. Bd4 Qxa4 24. Bxg7 Rxc1+ 25. Nxc1 Kxg7 26. Qh6+ Kg8 0-1

[Event "16th Sants Open 2014"]
[Site "Barcelona ESP"]
[Date "2014.08.22"]
[Round "1.14"]
[White "Libiszewski, Fabien"]
[Black "Farnault, Eric"]
[Result "1-0"]
[WhiteTitle "GM"]
[WhiteElo "2531"]
[BlackElo "2021"]
[WhiteFideId "616834"]
[BlackFideId "628620"]
[EventDate "2014.08.22"]

1. c4 b6 2. Nc3 Bb7 3. e4 e6 4. Nge2 Nf6 5. d3 d6 6. g3 h5 7. h3 c5 8. Bg2 Nc6
9. Be3 Be7 10. d4 cxd4 11. Nxd4 Nd7 12. f4 Nxd4 13. Qxd4 O-O 14. O-O Bf6 15.
Qxd6 Bxc3 16. bxc3 Nf6 17. Qe5 Qd3 18. Bd4 Bxe4 19. Qg5 Bxg2 20. Kxg2 Qe4+ 21.
Rf3 Qc2+ 22. Kf1 Qg6 23. Qxg6 fxg6 24. c5 Ne4 25. Re3 bxc5 26. Rxe4 cxd4 27.
cxd4 Kf7 28. Rae1 Rfe8 29. Ke2 Rab8 30. Kd3 Rb2 31. R1e2 Rxe2 32. Rxe2 Rc8 33.
Rb2 Rc7 34. Rb5 Kf6 35. Ra5 Kf7 36. Ra6 Rd7 37. Rc6 a5 38. Rc5 Ra7 39. a4 Kf6
40. Kc4 Ra8 41. h4 Ra7 42. d5 e5 43. Rc6+ Kf5 44. fxe5 Kxe5 45. Rxg6 Rb7 46. Kc5
Rb4 47. Re6+ Kf5 48. Re8 Rb1 49. d6 Rc1+ 50. Kb6 Rd1 51. Kc7 Rc1+ 52. Kd8 Rc4
53. d7 Kf6 54. Rf8+ 1-0

[Event "16th Sants Open 2014"]
[Site "Barcelona ESP"]
[Date "2014.08.22"]
[Round "1.15"]
[White "Castrillo Mansego, Pablo"]
[Black "Narciso Dublan, Marc"]
[Result "0-1"]
[BlackTitle "GM"]
[WhiteElo "2018"]
[BlackElo "2515"]
[WhiteFideId "22234772"]
[BlackFideId "2201500"]
[EventDate "2014.08.22"]

1. e4 d6 2. d4 Nf6 3. Nc3 g6 4. Be2 Bg7 5. Bg5 O-O 6. Qd2 a6 7. O-O-O b5 8. e5
b4 9. exf6 bxc3 10. Qxc3 exf6 11. Bf3 Ra7 12. Be3 f5 13. Qd2 Nd7 14. h4 h5 15.
Bh6 Nf6 16. Nh3 d5 17. Bxg7 Kxg7 18. Qg5 Ne4 19. Qf4 c6 20. Bxe4 fxe4 21. f3
exf3 22. gxf3 Bxh3 23. Rxh3 Re8 24. Rh2 Rae7 25. b3 Re3 26. Kb2 Qf6 27. Qc7 Rxf3
28. Qb6 Re4 29. a4 Rff4 30. Rhd2 Rxh4 31. a5 c5 32. Qxf6+ Kxf6 33. dxc5 d4 34.
b4 Ke5 35. b5 Kd5 36. c6 axb5 37. c7 Re8 38. a6 Kc6 39. a7 Kxc7 40. Re2 Ra8 41.
Re7+ Kb6 42. Rf1 d3 43. Rf6+ Ka5 44. cxd3 Kb4 45. Rb6 Rh2+ 46. Kc1 Ra2 47. Rxf7
R2xa7 48. Rxa7 Rxa7 49. Rxg6 Rh7 50. Kd2 h4 51. Rg4+ Kb3 0-1

[Event "16th Sants Open 2014"]
[Site "Barcelona ESP"]
[Date "2014.08.22"]
[Round "1.16"]
[White "Bromberger, Stefan"]
[Black "Vilalta Vidal, Javier"]
[Result "1-0"]
[WhiteTitle "IM"]
[WhiteElo "2510"]
[BlackElo "2017"]
[WhiteFideId "4635248"]
[BlackFideId "2261260"]
[EventDate "2014.08.22"]

1. d4 g6 2. e4 Bg7 3. c4 d6 4. Nc3 Nf6 5. f3 O-O 6. Be3 e5 7. d5 Nh5 8. Qd2 f5
9. O-O-O Na6 10. Nge2 Bd7 11. h3 f4 12. Bf2 Nc5 13. b4 Na4 14. Nxa4 Bxa4 15. Re1
Bd7 16. Nc3 a5 17. a3 axb4 18. axb4 Qe7 19. Bd3 c6 20. Kb2 Rfb8 21. Ra1 Qd8 22.
Rxa8 Rxa8 23. Ra1 Bf8 24. Rxa8 Qxa8 25. Bc2 Qa6 26. dxc6 bxc6 27. b5 cxb5 28.
cxb5 Qa5 29. Qd5+ Kg7 30. b6 Qxd5 31. exd5 Bc8 32. Ba4 1-0

[Event "16th Sants Open 2014"]
[Site "Barcelona ESP"]
[Date "2014.08.22"]
[Round "1.17"]
[White "Voloshin, Pavel"]
[Black "Comas Fabrego, Lluis"]
[Result "0-1"]
[BlackTitle "GM"]
[WhiteElo "2015"]
[BlackElo "2508"]
[WhiteFideId "24168017"]
[BlackFideId "2200325"]
[EventDate "2014.08.22"]

1. e4 d6 2. d4 g6 3. Nc3 Bg7 4. g3 c6 5. Bg2 Nf6 6. Nge2 O-O 7. O-O e5 8. a4 a5
9. h3 Na6 10. Be3 Nb4 11. f4 exd4 12. Bxd4 d5 13. e5 Nd7 14. Bf2 Re8 15. Qd2 f6
16. exf6 Nxf6 17. Rad1 Bf5 18. Nd4 Ne4 19. Nxe4 Bxe4 20. c3 Nd3 21. Nb3 Qe7 22.
Bd4 c5 23. Bxg7 Kxg7 24. Nc1 Bxg2 25. Qxg2 Nxc1 26. Rxc1 Rad8 27. Qf2 Qe3 28.
Rce1 Qxf2+ 29. Kxf2 Kf6 30. Kf3 Rxe1 31. Rxe1 d4 32. Rd1 dxc3 33. Re1 Rd3+ 34.
Ke4 Rd4+ 35. Ke3 Rb4 0-1

[Event "16th Sants Open 2014"]
[Site "Barcelona ESP"]
[Date "2014.08.22"]
[Round "1.18"]
[White "Blomqvist, Erik"]
[Black "Martin Perez, Javier"]
[Result "1-0"]
[WhiteTitle "GM"]
[BlackTitle "FM"]
[WhiteElo "2506"]
[BlackElo "2013"]
[WhiteFideId "1709437"]
[BlackFideId "2219581"]
[EventDate "2014.08.22"]

1. e4 e6 2. d4 d5 3. Nc3 Bb4 4. e5 Ne7 5. a3 Bxc3+ 6. bxc3 c5 7. Nf3 Qc7 8. h4
Nbc6 9. h5 h6 10. Rh4 Nf5 11. Rg4 Bd7 12. Rb1 O-O-O 13. Bd3 cxd4 14. cxd4 Ncxd4
15. Nxd4 Nxd4 16. Rxd4 Qc3+ 17. Kf1 Qxd4 18. Rxb7 Kxb7 19. Ba6+ Kxa6 20. Qxd4
Bb5+ 21. Kg1 Rd7 22. Qc5 Rb8 23. a4 1-0

[Event "16th Sants Open 2014"]
[Site "Barcelona ESP"]
[Date "2014.08.22"]
[Round "1.19"]
[White "Valero Fuertes, Carlos"]
[Black "Delorme, Axel"]
[Result "0-1"]
[BlackTitle "IM"]
[WhiteElo "2013"]
[BlackElo "2501"]
[WhiteFideId "2229706"]
[BlackFideId "632023"]
[EventDate "2014.08.22"]

1. d4 Nf6 2. Nf3 e6 3. Bg5 h6 4. Bh4 g5 5. Bg3 Nh5 6. e3 d6 7. Be2 Bg7 8. c4 Nd7
9. Nc3 a6 10. Qc2 Qe7 11. O-O-O O-O 12. Nd2 Nxg3 13. hxg3 f5 14. Bd3 Nf6 15. Nf3
b5 16. cxb5 axb5 17. Bxb5 Bb7 18. Bc4 Rfb8 19. Bb3 Ne4 20. Rhe1 c5 21. Kb1 Nxc3+
22. Qxc3 Be4+ 23. Bc2 Qc7 24. Bxe4 fxe4 25. Nd2 0-1

[Event "16th Sants Open 2014"]
[Site "Barcelona ESP"]
[Date "2014.08.22"]
[Round "1.20"]
[White "Klein, David"]
[Black "Masferrer Niubo, Enric"]
[Result "1-0"]
[WhiteTitle "IM"]
[WhiteElo "2498"]
[BlackElo "2012"]
[WhiteFideId "1003623"]
[BlackFideId "32060343"]
[EventDate "2014.08.22"]

1. d4 Nf6 2. Bg5 g6 3. Bxf6 exf6 4. c4 b6 5. Nc3 f5 6. e3 Bb7 7. Nge2 Bh6 8. h4
Qf6 9. h5 Na6 10. a3 O-O-O 11. Qa4 Rde8 12. O-O-O f4 13. Nd5 Bxd5 14. cxd5 Nb8
15. Qxa7 fxe3 16. f4 Bxf4 17. Kb1 Bd6 18. Nc3 Qf2 19. Be2 f5 20. hxg6 hxg6 21.
Rxh8 Rxh8 22. Ba6+ Nxa6 23. Qxa6+ Kd8 24. Qa8+ Ke7 25. Qxh8 e2 26. Nxe2 Qxe2 27.
Rh1 Bxa3 28. Qg7+ 1-0

[Event "16th Sants Open 2014"]
[Site "Barcelona ESP"]
[Date "2014.08.22"]
[Round "1.21"]
[White "Vinas Racionero, Josep"]
[Black "Gomez Garrido, Camilo Ernesto"]
[Result "0-1"]
[BlackTitle "IM"]
[WhiteElo "2010"]
[BlackElo "2496"]
[WhiteFideId "2210320"]
[BlackFideId "3507904"]
[EventDate "2014.08.22"]

1. e4 c5 2. Nf3 d6 3. d4 Nf6 4. Nc3 cxd4 5. Nxd4 a6 6. Bc4 e6 7. O-O b5 8. Bb3
Be7 9. Qf3 Qb6 10. Be3 Qb7 11. a3 Nbd7 12. Rfe1 O-O 13. Qg3 Nc5 14. Bh6 Ne8 15.
Nf5 exf5 16. Bd5 f4 17. Bxf4 Qa7 18. e5 dxe5 19. Rxe5 Ne6 20. Bxa8 Qxa8 21. Nd5
Bd6 22. Rxe6 Bxe6 23. Bxd6 Qxd5 24. Bxf8 Kxf8 25. Qe3 Qd6 26. h3 h6 27. a4 b4
28. a5 Nc7 29. Qb6 Ke7 30. Re1 Kd7 31. Re4 Qxb6 32. axb6 Nd5 33. Rc4 Nxb6 34.
Rxb4 Kc6 35. h4 a5 36. Rd4 h5 37. f3 a4 38. g4 Kc5 39. Re4 Nc4 40. b3 a3 41. Re1
Nd6 42. Kf2 Nb5 43. Ke3 Kb4 44. Kd3 Nc3 45. gxh5 a2 46. Ra1 Bf5+ 47. Kd2 Bh7 48.
Kc1 Ka3 49. b4 Bf5 50. h6 gxh6 51. h5 Bh7 0-1

[Event "16th Sants Open 2014"]
[Site "Barcelona ESP"]
[Date "2014.08.22"]
[Round "1.22"]
[White "Collins, Sam E."]
[Black "Rodmacq, Clement"]
[Result "1-0"]
[WhiteTitle "IM"]
[WhiteElo "2495"]
[BlackElo "2009"]
[WhiteFideId "2501198"]
[BlackFideId "640646"]
[EventDate "2014.08.22"]

1. c4 e5 2. g3 Nc6 3. Nc3 f5 4. Nf3 e4 5. Nh4 Bc5 6. d3 exd3 7. Qxd3 d6 8. Bg2
Nge7 9. O-O Be6 10. Nd5 Ne5 11. Qc2 c6 12. Nf4 Bxc4 13. Nxf5 O-O 14. Be4 N7g6
15. Nxg6 hxg6 16. Nh4 d5 17. Nxg6 Nxg6 18. Bxg6 Qf6 19. Bd3 Bxf2+ 20. Kg2 Qd4
21. Bxc4 dxc4 22. Bf4 Be3 23. Rad1 Qb6 24. Qxc4+ Kh8 25. Bxe3 Qxe3 26. Rd4 Rf6
27. Rxf6 gxf6 28. Rh4+ Kg7 29. Qg4+ 1-0

[Event "16th Sants Open 2014"]
[Site "Barcelona ESP"]
[Date "2014.08.22"]
[Round "1.23"]
[White "Redondo Arguelles, Graciela"]
[Black "Cuartas, Jaime Alexander"]
[Result "0-1"]
[WhiteTitle "WFM"]
[BlackTitle "GM"]
[WhiteElo "2007"]
[BlackElo "2489"]
[WhiteFideId "2219824"]
[BlackFideId "4401190"]
[EventDate "2014.08.22"]

1. e4 c5 2. c3 g6 3. d4 cxd4 4. cxd4 d5 5. exd5 Nf6 6. Bb5+ Bd7 7. Bc4 b5 8. Bb3
Bf5 9. Qe2 a6 10. Nc3 Bg7 11. Nf3 O-O 12. a3 Bg4 13. Bf4 Nbd7 14. h3 Bxf3 15.
Qxf3 Nb6 16. O-O Ra7 17. Rac1 Rd7 18. d6 exd6 19. Bg5 d5 20. Na2 Nc4 21. Nb4 Rd6
22. Bf4 Re6 23. Bxc4 bxc4 24. b3 a5 25. Nc2 cxb3 26. Qxb3 Ne4 27. Rfd1 Rc6 28.
Ne3 Rxc1 29. Rxc1 Bxd4 30. Qxd5 Bxe3 31. Qxd8 Bxf2+ 32. Kf1 Rxd8 0-1

[Event "16th Sants Open 2014"]
[Site "Barcelona ESP"]
[Date "2014.08.22"]
[Round "1.24"]
[White "Ducarmon, Quinten"]
[Black "Garcia Ramos, Daniel"]
[Result "1-0"]
[WhiteTitle "IM"]
[WhiteElo "2479"]
[BlackElo "2004"]
[WhiteFideId "1025007"]
[BlackFideId "32010311"]
[EventDate "2014.08.22"]

1. e4 c5 2. Nf3 d6 3. d4 cxd4 4. Nxd4 Nf6 5. Nc3 g6 6. Be3 Bg7 7. f3 O-O 8. Qd2
Nc6 9. g4 Nxd4 10. Bxd4 Be6 11. h4 Qa5 12. h5 Rfc8 13. a3 a6 14. hxg6 hxg6 15.
O-O-O b5 16. Qg5 Rab8 17. f4 Qc7 18. f5 Nxe4 19. Qh4 Nf6 20. fxe6 fxe6 21. g5
Nh5 22. Bxg7 Kxg7 23. Bd3 1-0

[Event "16th Sants Open 2014"]
[Site "Barcelona ESP"]
[Date "2014.08.22"]
[Round "1.25"]
[White "Porta Tovar, Guillem"]
[Black "Graf, Felix"]
[Result "0-1"]
[WhiteElo "2003"]
[BlackElo "2479"]
[WhiteFideId "32008341"]
[BlackFideId "24608904"]
[EventDate "2014.08.22"]

1. e4 e6 2. d4 d5 3. Nc3 Nf6 4. e5 Nfd7 5. f4 c5 6. Nf3 Nc6 7. Be3 Be7 8. Qd2
O-O 9. g3 Qa5 10. a3 Rb8 11. Bg2 b5 12. O-O Qc7 13. dxc5 a5 14. Qf2 Kh8 15. a4
Ba6 16. Rfe1 b4 17. Ne2 Rbe8 18. Ned4 Nxd4 19. Nxd4 Nxc5 20. f5 f6 21. Bf4 fxe5
22. Rxe5 Qc8 23. Rae1 Bf6 24. Rxe6 Bxd4 25. Qxd4 Nxe6 26. fxe6 Rxe6 27. Rd1 Qxc2
28. Bxd5 Ref6 29. b3 h6 30. h4 Rxf4 31. gxf4 Rxf4 0-1

[Event "16th Sants Open 2014"]
[Site "Barcelona ESP"]
[Date "2014.08.22"]
[Round "1.26"]
[White "Galliamova, Alisa"]
[Black "Harstad, Christian"]
[Result "1-0"]
[WhiteTitle "IM"]
[WhiteElo "2472"]
[BlackElo "2002"]
[WhiteFideId "4129725"]
[BlackFideId "1504045"]
[EventDate "2014.08.22"]

1. g3 f5 2. Bg2 Nf6 3. c4 e6 4. d3 d6 5. Nc3 g6 6. f4 Bg7 7. Nf3 O-O 8. O-O Nc6
9. e4 e5 10. exf5 Bxf5 11. h3 h5 12. Nh4 Qd7 13. Nxf5 Qxf5 14. Nd5 Nxd5 15.
Bxd5+ Kh8 16. g4 Qd7 17. Be4 exf4 18. Bxf4 hxg4 19. Qxg4 Qxg4+ 20. hxg4 Bxb2 21.
Rab1 Bd4+ 22. Kg2 Nd8 23. Be5+ Bxe5 24. Rxf8+ Kg7 25. Rbf1 c6 26. g5 Rb8 27. Re8
a5 28. Rff8 1-0